00495nam a2200157Ia 450000500170000000800410001708200130005810000180007124500360008926000410012530000130016650000390017994200060021895200980022499900150032220250425063713.0240331s9999 xx 000 0 und d bABEa891 aAbesinghe,W.A 0aKamala dasge anuragaye mulpotha aWarakapolabAriya Prakashakayoc1987 a200 p ., a Translation of Alphabet lust book cL 001040708LaWERCLbWERCLcSSCd2024-03-31l0o 891.48 ABEp1362r2024-03-31w2024-03-31yL c4802d4802